Представление документа в формате RUSMARC

ПолеНазваниеЗначение
  Тип записи a
  Библиографический уровень m
001 Контрольный номер UONB/MAIN/44400d2524584c0ab5e1632e0f9f7ffa
005 Дата корректировки 20260416171518.7
100 Данные общей обработки __
a Данные общей обработки 20260413d1903 u y0rusy0189 ca
101 Язык документа 0_
a Язык текста rus
102 Страна публикации __
a Страна публикации RU
105 Кодированные данные (монография) __
a Кодированные данные (монография) a z 000yy
200 Заглавие и сведения об ответственности 1_
a Заглавие Русская Помпея
e Сведения, относящиеся к заглавию (Херсонес-Таврический)
e Сведения, относящиеся к заглавию очерк археологических расследований
e Сведения, относящиеся к заглавию заметки и впечатления
f Первые сведения об ответственности М. Я. Энгель
203 Вид содержания и тип средства __
a Вид содержания Текст
b Характеристика содержания визуальный
c Тип средства непосредственный
210 Выходные данные 1_
a Место издания Севастополь
c Издательство тип. Д. О. Харченко
d Дата издания 1903
215 Физическое описание __
a Объем [2], 110, 16 с.
c Иллюстрации/тип воспроизводства ил., 2 л. ил.
d Формат 21 см
606 Тематические рубрики 0_
a Основная рубрика Археологические памятники
y Географическая подрубрика Крым
610 Ключевые слова 0_
a Ключевые слова русская Помпея; археологические памятники Крыма
686 Индексы других классификаций __
2 Код системы rubbk
a Классификационный индекс 63.48(2)
700 Автор _1
a Фамилия Энгель
b Имя (инициалы) М. Я.
801 Источник записи _0
a Страна RU
b Организация Ульяновская ОНБ
c Дата составления 20260413
g Правила каталогизации RCR
801 Источник записи _1
a Страна RU
b Организация Ульяновская ОНБ
c Дата составления 20260413
g Правила каталогизации RCR
901 Тип документа __
t Тип документа m
909 Создатель записи __
a Создатель записи Моргунова
b Дата создания записи 20260413